000 00514nam a2200169Ia 4500
008 151213s9999 xx 000 0 und d
020 _a81-7534-125-4
100 _aLeslie , Rutter Ford and Sheila Bone
245 _aOsborn's Concise Dictionary
_cLeslie , Rutter Ford and Sheila Bone
250 _a8th
260 _aNew Delhi
_bUniversal Law Publishing Pvt. Ltd.
_c1993
300 _a5140 p.
650 _aReference
650 _aReference Book
700 _aLeslie , Rutter Ford and Sheila Bone
999 _c3172
_d3172